| 000 | 00555nam a22002057a 4500 | ||
|---|---|---|---|
| 003 | OSt | ||
| 005 | 20140310183106.0 | ||
| 008 | 130305t xxu||||| |||| 00| 0 eng d | ||
| 020 | _a9789712724367 | ||
| 050 |
_aDS 674 _b.Oc15 2010 |
||
| 082 |
_aFIL 899.2104 _bO1d 2010 |
||
| 245 |
_aLooking back 2 _cOcampo, Ambeth R. _bDirty Dancing |
||
| 260 |
_aPasig City _bAnvil Publishing Inc. _cc2010 |
||
| 300 |
_av, 105 p. _bill. _c18 cm. |
||
| 521 | _aCollege students | ||
| 526 | _c1210L-1700L | ||
| 541 | _j1 | ||
| 562 | _e1 | ||
| 942 |
_2lcc _cBK _kFIL |
||
| 999 |
_c18783 _d18783 |
||